000 00393nam a22001697a 4500
005 20251108175214.0
008 250721s2006 xx 000 0 eng d
082 1 4 _aF/WAL
100 1 _awalters, minette
245 1 0 _achickenfeed /
264 1 _alondon :
_bpan macmillan,
_c2006.
300 _a121P.
650 1 7 _aFICTION
650 1 7 _aLITERATURE
942 _2ddc
_cBK
999 _c128665
_d128665